000 00378nam a22001337a 4500
999 _c521680
_d521680
008 230222b ||||| |||| 00| 0 eng d
100 _aGovind, Rahul
_937400
245 _aBetween capital and imperialism: A Vanisihing point
260 _aSocial Scientist
300 _a50(5-6), May-Jun, 2022: p.19-46
773 _aSocial Scientist
906 _aSOCIAL CHANGE
942 _cAR